<?xml version="1.0" encoding="UTF-8"?>
<record
    xmlns:xsi="http://www.w3.org/2001/XMLSchema-instance"
    xsi:schemaLocation="http://www.loc.gov/MARC21/slim http://www.loc.gov/standards/marcxml/schema/MARC21slim.xsd"
    xmlns="http://www.loc.gov/MARC21/slim">

  <leader>00672nam a22002172  4500</leader>
  <controlfield tag="001">0000006051</controlfield>
  <controlfield tag="005">20151021151108.0</controlfield>
  <controlfield tag="008">070912s         xx           000 0 eng d</controlfield>
  <datafield tag="020" ind1=" " ind2=" ">
    <subfield code="a">8125918310 :</subfield>
    <subfield code="c">KES 1,025</subfield>
  </datafield>
  <datafield tag="040" ind1=" " ind2=" ">
    <subfield code="a">KABU</subfield>
    <subfield code="c">KABU</subfield>
  </datafield>
  <datafield tag="100" ind1="1" ind2=" ">
    <subfield code="a">Srivastava, S. C.</subfield>
    <subfield code="@">0000157421</subfield>
  </datafield>
  <datafield tag="245" ind1="1" ind2="0">
    <subfield code="a">Industrial relations and labour laws.</subfield>
  </datafield>
  <datafield tag="250" ind1=" " ind2=" ">
    <subfield code="a">5th ed.</subfield>
  </datafield>
  <datafield tag="260" ind1=" " ind2=" ">
    <subfield code="a">New Delhi :</subfield>
    <subfield code="b">Vikas,</subfield>
    <subfield code="c">2007.</subfield>
  </datafield>
  <datafield tag="300" ind1=" " ind2=" ">
    <subfield code="a">xliv p.</subfield>
  </datafield>
  <datafield tag="650" ind1=" " ind2="0">
    <subfield code="a">Industrial relations</subfield>
    <subfield code="z">India.</subfield>
    <subfield code="@">0000157418</subfield>
  </datafield>
  <datafield tag="852" ind1="1" ind2=" ">
    <subfield code="9">p20707 KES</subfield>
  </datafield>
  <datafield tag="908" ind1=" " ind2=" ">
    <subfield code="a">070912</subfield>
  </datafield>
  <datafield tag="950" ind1=" " ind2=" ">
    <subfield code="@">1</subfield>
  </datafield>
  <datafield tag="999" ind1=" " ind2=" ">
    <subfield code="c">617</subfield>
    <subfield code="d">617</subfield>
  </datafield>
  <datafield tag="952" ind1=" " ind2=" ">
    <subfield code="0">0</subfield>
    <subfield code="1">0</subfield>
    <subfield code="2">lcc</subfield>
    <subfield code="7">0</subfield>
    <subfield code="a">KNTC</subfield>
    <subfield code="b">KNTC</subfield>
    <subfield code="d">2015-10-21</subfield>
    <subfield code="l">2</subfield>
    <subfield code="m">1</subfield>
    <subfield code="o">HD8686.5 .S65 2007 c.2</subfield>
    <subfield code="p">20707</subfield>
    <subfield code="r">2019-07-11 00:00:00</subfield>
    <subfield code="s">2019-06-11</subfield>
    <subfield code="w">2015-10-21</subfield>
    <subfield code="y">BK</subfield>
  </datafield>
  <datafield tag="952" ind1=" " ind2=" ">
    <subfield code="0">0</subfield>
    <subfield code="1">0</subfield>
    <subfield code="2">lcc</subfield>
    <subfield code="7">0</subfield>
    <subfield code="a">KNTC</subfield>
    <subfield code="b">KNTC</subfield>
    <subfield code="d">2015-10-21</subfield>
    <subfield code="l">0</subfield>
    <subfield code="o">HD8686.5 .S65 2007 c. 1</subfield>
    <subfield code="p">010149</subfield>
    <subfield code="r">2015-10-21 00:00:00</subfield>
    <subfield code="w">2015-10-21</subfield>
    <subfield code="y">BK</subfield>
  </datafield>
  <datafield tag="952" ind1=" " ind2=" ">
    <subfield code="0">0</subfield>
    <subfield code="1">0</subfield>
    <subfield code="2">lcc</subfield>
    <subfield code="7">0</subfield>
    <subfield code="a">KABU</subfield>
    <subfield code="b">KABU</subfield>
    <subfield code="d">2015-10-21</subfield>
    <subfield code="e">c.3</subfield>
    <subfield code="l">0</subfield>
    <subfield code="o">HD8686.5 .S65 2007 c.1</subfield>
    <subfield code="p">20692</subfield>
    <subfield code="r">2024-08-02 00:00:00</subfield>
    <subfield code="w">2015-10-21</subfield>
    <subfield code="y">BK</subfield>
  </datafield>
  <datafield tag="952" ind1=" " ind2=" ">
    <subfield code="0">0</subfield>
    <subfield code="1">0</subfield>
    <subfield code="2">lcc</subfield>
    <subfield code="7">0</subfield>
    <subfield code="a">KABU</subfield>
    <subfield code="b">KABU</subfield>
    <subfield code="d">2015-12-17</subfield>
    <subfield code="l">1</subfield>
    <subfield code="o">HD8686.5 .S65 2007 C.1</subfield>
    <subfield code="p">17276</subfield>
    <subfield code="r">2024-08-02 00:00:00</subfield>
    <subfield code="s">2016-07-15</subfield>
    <subfield code="t">C.1</subfield>
    <subfield code="w">2015-12-17</subfield>
    <subfield code="y">BK</subfield>
  </datafield>
  <datafield tag="952" ind1=" " ind2=" ">
    <subfield code="0">0</subfield>
    <subfield code="1">0</subfield>
    <subfield code="2">lcc</subfield>
    <subfield code="7">0</subfield>
    <subfield code="a">KABU</subfield>
    <subfield code="b">KABU</subfield>
    <subfield code="d">2015-12-17</subfield>
    <subfield code="l">1</subfield>
    <subfield code="o">HD8686.5 .S65 2007 c.2</subfield>
    <subfield code="p">20691</subfield>
    <subfield code="r">2024-08-02 00:00:00</subfield>
    <subfield code="s">2016-07-15</subfield>
    <subfield code="t">C.2</subfield>
    <subfield code="w">2015-12-17</subfield>
    <subfield code="y">BK</subfield>
  </datafield>
</record>
